[Event "AUTO-INT-2925"]
[Site "http://www.queenalice.com/game.php?id=1323388"]
[Date "2014.11.20"]
[Round "1"]
[White "schrotti2"]
[Black "pssservicos"]
[Result "0-1"]
[WhiteElo "1665"]
[BlackElo "1524"]

1. Nf3 Nc6 2. d4 d5 3. e3 Bf5 4. a3 Nf6 5. h3 h6 6. Be2 e6 7. O-O Bd6 8. Nc3 O-O
9. b4 e5 10. dxe5 Bxe5 11. Nxe5 Nxe5 12. f4 Ng6 13. Bb2 b6 14. g4 Be4 15. f5 Ne5
16. Nxe4 Nxe4 17. Bxe5 f6 18. Bf4 Nc3 19. Qd3 Na4 20. Bf3 c6 21. c4 Nb2 22. Qd4
Nxc4 23. Be2 b5 24. Bxc4 bxc4 25. e4 dxe4 26. Qxd8 Raxd8 27. Rac1 Rd3 28. Rxc4
Rxh3 29. Rxe4 Rxa3 30. b5 Rc8 31. Bd6 Rd3 32. bxc6 Rxd6 33. Rc1 Rdxc6 34. Rxc6
Rxc6 35. Ra4 a6 36. Kg2 Kh7 37. Kh3 g6 38. fxg6+ Kxg6 39. Kh4 f5 40. gxf5+ Kxf5
41. Kh5 Ke5 42. Ra5+ Kd4 43. Ra4+ Kc5 44. Ra1 Kb6 45. Rb1+ Ka7 46. Ra1 Rd6 47.
Ra2 Kb6 48. Rb2+ Ka5 49. Ra2+ Kb4 50. Ra1 a5 51. Rb1+ Kc4 52. Rc1+ Kb3 53. Ra1
Ra6 54. Rxa5 Rxa5+ 55. Kxh6 Kc4 56. Kg6 Rd5 57. Kf6 Kc5 58. Ke6 Kd4 59. Ke7 Ke5
60. Kf7 Kf5 0-1

[Event "AUTO-INT-2925"]
[Site "http://www.queenalice.com/game.php?id=1323389"]
[Date "2014.11.20"]
[Round "1"]
[White "pssservicos"]
[Black "schrotti2"]
[Result "0-1"]
[WhiteElo "1549"]
[BlackElo "1638"]

1. e4 g6 2. e5 e6 3. Nf3 Bg7 4. Bc4 a6 5. O-O Ne7 6. d4 b5 7. Bb3 Bb7 8. Ng5 h6
9. Nh3 O-O 10. a3 Nbc6 11. c3 Nf5 12. d5 Bxe5 13. dxc6 Bxc6 14. g4 Nh4 15. Bxh6
Re8 16. Bg5 Nf3+ 17. Qxf3 Bxf3 18. Bxd8 Rexd8 19. Bd1 Bxd1 20. Rxd1 Kg7 21. Nd2
d5 22. Nf3 Bf6 23. g5 Be7 24. Ne5 Bd6 25. Nc6 Rd7 26. a4 bxa4 27. Rd4 Rh8 28.
Rdxa4 Rxh3 29. Rxa6 Bxh2+ 30. Kg2 Rh5 31. Nb8 Rd6 32. b3 Rxa6 33. Nxa6 Be5 34.
c4 Bxa1 35. cxd5 Rxg5+ 36. Kf3 Rxd5 37. Nxc7 Rd3+ 38. Kg4 Rxb3 39. Ne8+ Kh6 40.
f4 f5+ 41. Kh4 Bd4 42. Nd6 Bf2# 0-1

[Event "AUTO-INT-2925"]
[Site "http://www.queenalice.com/game.php?id=1323390"]
[Date "2014.11.20"]
[Round "1"]
[White "schrotti2"]
[Black "Danado"]
[Result "1-0"]
[WhiteElo "1623"]
[BlackElo "1606"]

1. Nf3 d5 2. d4 h6 3. e3 Bg4 4. Be2 Bxf3 5. Bxf3 Nf6 6. Nc3 Nc6 7. O-O e5 8. a3
Qd6 9. b4 O-O-O 10. h3 e4 11. Bg4+ Nxg4 12. Qxg4+ Kb8 13. Nb5 Qd7 14. Qxd7 Rxd7
15. f3 a6 16. Bb2 axb5 17. fxe4 dxe4 18. c3 f6 19. a4 Rd5 20. axb5 Rxb5 21. Rf4
f5 22. Raf1 g5 23. Rxf5 Rxf5 24. Rxf5 Kc8 25. d5 Ne7 26. Re5 Kd7 27. Rxe4 Nxd5
28. c4 Nxb4 29. Bxh8 Nc2 30. c5 Nxe3 31. Rxe3 Bxc5 32. Kf2 Bxe3+ 33. Kxe3 Ke6
34. Ke4 c5 35. Bg7 h5 36. Bh6 g4 37. hxg4 hxg4 38. Kd3 b5 39. Kc3 Kd5 40. Be3
b4+ 41. Kb3 Kc6 42. Kc4 b3 43. Kxb3 Kd5 44. Kc3 c4 45. g3 Ke4 46. Kd2 c3+ 47.
Ke2 c2 48. Bd2 Kd4 49. Bh6 Ke4 50. Kf2 Kf5 51. Ke2 Ke4 52. Bf4 Kd4 53. Kd2 Ke4
54. Kxc2 Kf3 55. Kd3 Kf2 56. Ke4 Kg2 57. Kf5 Kh3 58. Kg5 Kh2 59. Kxg4 Kg2 60.
Kf5 Kf3 61. g4 1-0

[Event "AUTO-INT-2925"]
[Site "http://www.queenalice.com/game.php?id=1323391"]
[Date "2014.11.20"]
[Round "1"]
[White "Danado"]
[Black "schrotti2"]
[Result "0-1"]
[WhiteElo "1626"]
[BlackElo "1650"]

1. e4 g6 2. d4 Bg7 3. Nf3 e6 4. Nc3 a6 5. Be3 Ne7 6. Bd3 O-O 7. Bg5 b5 8. Bxe7
Qxe7 9. O-O Bb7 10. Qe1 d5 11. Qe3 dxe4 12. Bxe4 Bxe4 13. Nxe4 Nc6 14. c3 f5 15.
Neg5 Rf6 16. Nh3 h6 17. Rad1 e5 18. Nxe5 Nxe5 19. Rde1 Re6 20. dxe5 Rxe5 21. Qd2
Rd8 22. Qc1 Rxe1 23. Rxe1 Qd6 24. Rd1 Qxd1+ 0-1

[Event "AUTO-INT-2925"]
[Site "http://www.queenalice.com/game.php?id=1323392"]
[Date "2014.11.20"]
[Round "1"]
[White "schrotti2"]
[Black "ricardoguevara"]
[Result "1-0"]
[WhiteElo "1635"]
[BlackElo "1307"]

1. Nf3 d6 2. d4 Nf6 3. e3 e5 4. h3 Be7 5. Be2 O-O 6. a3 c5 7. dxe5 dxe5 8. Qxd8
Bxd8 9. O-O e4 10. Nh2 Bc7 11. Bg4 Bxg4 12. Nxg4 Nxg4 13. hxg4 Nd7 14. Nc3 Be5
15. Nxe4 Rae8 16. Rd1 Nf6 17. Nxf6+ gxf6 18. c3 c4 19. f4 Bc7 20. Rd4 Bxf4 21.
Rxf4 Re6 22. Rxc4 Rd8 23. e4 Rd1+ 24. Kh2 f5 25. exf5 Re2 26. Bh6 f6 27. Rxd1
Kf7 28. Rd7+ Ke8 29. Rxh7 b5 30. Rc8# 1-0

[Event "AUTO-INT-2925"]
[Site "http://www.queenalice.com/game.php?id=1323393"]
[Date "2014.11.20"]
[Round "1"]
[White "ricardoguevara"]
[Black "schrotti2"]
[Result "0-1"]
[WhiteElo "1319"]
[BlackElo "1638"]

1. e4 g6 2. Nc3 Bg7 3. Nf3 a6 4. Bc4 e6 5. O-O Ne7 6. d4 b5 7. Bb3 Bb7 8. d5
exd5 9. exd5 d6 10. Ng5 h6 11. Ne6 fxe6 12. dxe6 O-O 13. Ne2 Nbc6 14. Bd5 Nxd5
15. Qxd5 Rb8 16. e7+ Rf7 17. exd8=Q+ Nxd8 18. Qd3 Rf6 19. f3 Ne6 20. Be3 Nc5 21.
Bxc5 dxc5 22. Qb3+ Kh7 23. Rad1 Bc8 24. Qd5 Rf5 25. Qc6 Rf7 26. Qxc5 Rb7 27. Rd8
Be6 28. Qc6 Rb6 29. Qa8 Bxa2 30. Nd4 Rbf6 31. Nc6 Rf8 32. Ne7 Rxd8 33. Qxd8 Rf8
34. Qxc7 Bc4 35. b3 Bxf1 36. Kxf1 Rf7 37. Qd8 Rf8 38. h4 Rxd8 39. Nc6 Rd2 40. g4
Rxc2 41. Nb4 Rc3 42. Nxa6 Rxf3+ 43. Ke2 Rxb3 0-1

[Event "Let's Play Chess!"]
[Site "http://www.queenalice.com/game.php?id=1324774"]
[Date "2014.11.28"]
[Round "-"]
[White "Clemente"]
[Black "schrotti2"]
[Result "0-1"]
[WhiteElo "1547"]
[BlackElo "1641"]

1. c4 g6 2. Nc3 Bg7 3. d4 e6 4. e4 a6 5. e5 Ne7 6. Qf3 O-O 7. Bg5 h6 8. Bf6 Bxf6
9. exf6 Nf5 10. d5 Qxf6 11. Nge2 Kg7 12. g4 Nd4 13. Nxd4 Qxf3 14. Nxf3 Re8 15.
Be2 exd5 16. cxd5 d6 17. g5 h5 18. h4 Bg4 19. O-O-O Nd7 20. Nd4 Bxe2 21. Ncxe2
c5 0-1

[Event "AUTO-INT-2932"]
[Site "http://www.queenalice.com/game.php?id=1326940"]
[Date "2014.12.9"]
[Round "1"]
[White "alfonso"]
[Black "schrotti2"]
[Result "1-0"]
[WhiteElo "1482"]
[BlackElo "1660"]

1. e4 g6 2. Qf3 Bg7 3. Bc4 e6 4. d4 Ne7 5. Bg5 h6 6. Bf4 O-O 7. c3 d5 8. exd5 a6
9. Ne2 exd5 10. Bd3 Bf5 11. Bxf5 Nxf5 12. Qh3 Nd7 13. g4 Qh4 14. Qg2 Nd6 15. h3
Qe7 16. Qxd5 Nf6 17. Qf3 c6 18. g5 Nd5 19. gxh6 Bf6 20. Bd2 Kh7 21. Na3 Bg5 22.
Bxg5 Qxg5 23. Rg1 Qxh6 24. c4 Ne7 25. c5 Ndf5 26. Nc4 Nd5 27. Na5 Rab8 28. Nc4
Rfe8 29. Rg4 Re7 30. Ne5 Nh4 31. Qg3 Nf5 32. Qd3 Kg7 33. f4 Nf6 34. O-O-O Nxg4
35. Nxg4 Rd8 36. Nxh6 Kxh6 37. Qf3 Nh4 38. Qf2 Nf5 39. Nc3 Kg7 40. b4 Re3 41.
Nb1 Re4 42. d5 Rc4+ 43. Kb2 Rxb4+ 44. Kc2 Rc4+ 45. Kb3 Re4 46. d6 Re6 47. h4
Re3+ 48. Kc4 b5+ 49. Kb4 Re4+ 50. Kb3 a5 51. Rg1 Rb4+ 52. Kc3 Rc4+ 53. Kb2 Nd4
54. Qe3 Rc2+ 55. Ka1 Nf5 56. Qe5+ Kh6 57. Qf6 Rd7 58. Qg5+ Kg7 59. h5 Rxc5 60.
hxg6 Rd5 61. gxf7+ Kxf7 62. Qg6+ Kf8 63. Qg8# 1-0

[Event "AUTO-INT-2932"]
[Site "http://www.queenalice.com/game.php?id=1326941"]
[Date "2014.12.9"]
[Round "1"]
[White "schrotti2"]
[Black "alfonso"]
[Result "1-0"]
[WhiteElo "1650"]
[BlackElo "1492"]

1. c4 e5 2. e4 Nf6 3. d3 d6 4. h3 h6 5. Nf3 c5 6. Be2 Nc6 7. O-O Nh5 8. Nc3 g5
9. Nh2 Nf6 10. Ng4 Ng8 11. Nd5 Nd4 12. a3 h5 13. Nge3 g4 14. hxg4 h4 15. f3 h3
16. gxh3 Bd7 17. b4 cxb4 18. axb4 b6 19. Bb2 Nc6 20. b5 Nb8 21. Kh2 Bh6 22. Ng2
Bg5 23. Ba3 Be6 24. Qe1 Ne7 25. Qb4 O-O 26. Qxd6 Nd7 27. Nxe7+ Bxe7 28. Qxe7
Qxe7 29. Bxe7 Rfe8 30. Bh4 Nc5 31. Bg3 f6 32. Nh4 Bf7 33. Nf5 a5 34. Nd6 Rf8 35.
Nxf7 Rxf7 36. f4 exf4 37. Bxf4 Nb3 38. Ra3 Nd4 39. Rf2 Nc2 40. Rc3 Nd4 41. g5 f5
42. exf5 Rxf5 43. Bg4 Rf7 44. Kg3 a4 45. Be5 Nb3 46. Be6 a3 47. Rxb3 a2 48.
Bxf7+ Kh7 49. Rxa2 Rxa2 50. Rb2 Ra7 51. Rf2 Ra3 52. Rf3 Rb3 53. c5 Rxb5 54. g6+
Kh6 55. Rf4 Rxc5 56. Rh4+ Kg5 57. g7 Kf5 58. Rh5# 1-0

[Event "AUTO-INT-2932"]
[Site "http://www.queenalice.com/game.php?id=1326954"]
[Date "2014.12.9"]
[Round "1"]
[White "amgoncal"]
[Black "schrotti2"]
[Result "0-1"]
[WhiteElo "1346"]
[BlackElo "1642"]

1. e4 g6 2. f4 Bg7 3. Nf3 e6 4. d4 Ne7 5. c4 a6 6. g4 O-O 7. b4 c6 8. Nc3 d5 9.
e5 b5 10. Be3 bxc4 11. a4 Nd7 12. a5 f6 13. Bh3 f5 14. g5 Rb8 15. Bg2 Rxb4 16.
h4 Rb7 17. h5 gxh5 18. Na4 Qxa5+ 19. Bd2 Qb5 20. Rb1 Qxb1 21. Qxb1 Rxb1+ 22. Ke2
Rxh1 23. Bxh1 Bb7 24. Nc5 Nxc5 25. Bb4 Ne4 26. Bxe7 Rf7 27. Bd8 Ng3+ 28. Kd2 h6
29. g6 Rd7 30. Bf6 Ne4+ 31. Kc2 Nxf6 32. exf6 Bxf6 33. Bg2 Kg7 34. Ne5 Bxe5 35.
dxe5 Kxg6 36. Bf1 a5 37. Kb2 Ba6 38. Ka3 Rb7 0-1

[Event "AUTO-INT-2932"]
[Site "http://www.queenalice.com/game.php?id=1326955"]
[Date "2014.12.9"]
[Round "1"]
[White "schrotti2"]
[Black "amgoncal"]
[Result "1-0"]
[WhiteElo "1637"]
[BlackElo "1372"]

1. Nf3 d5 2. d4 f5 3. e3 Nf6 4. h3 Nc6 5. Nc3 Qd6 6. Be2 e5 7. O-O e4 8. a3 Be6
9. Nb5 Qd7 10. a4 a6 11. Ne5 Nxe5 12. Nc3 O-O-O 13. dxe5 d4 14. exd4 Nd5 15.
Nxd5 Qxd5 16. b3 Bb4 17. Bg5 Rd7 18. f3 Bc3 19. Rb1 Qxd4+ 20. Qxd4 Bxd4+ 21. Kh1
h6 22. Bf4 g5 23. Bh2 h5 24. fxe4 f4 25. Bg1 h4 26. Bxd4 Rxd4 27. Bf3 Rg8 28. c3
Rd3 29. c4 g4 30. Bxg4 Bxg4 31. hxg4 Rxg4 32. Rb2 Rgg3 33. Rf3 h3 34. Rxg3 Rxg3
35. e6 hxg2+ 36. Rxg2 Rxb3 37. Rg8# 1-0

[Event "AUTO-INT-2932"]
[Site "http://www.queenalice.com/game.php?id=1326964"]
[Date "2014.12.9"]
[Round "1"]
[White "schrotti2"]
[Black "gmvitinho"]
[Result "0-1"]
[WhiteElo "1653"]
[BlackElo "1612"]

1. c4 e5 2. e4 Nf6 3. d3 Bc5 4. h3 d6 5. a3 h6 6. Nf3 O-O 7. Be2 Nc6 8. Nc3 Nd4
9. Nxd4 Bxd4 10. Nd5 Nxd5 11. cxd5 f5 12. O-O f4 13. Bg4 Qh4 14. Bxc8 Raxc8 15.
Qg4 Qxg4 16. hxg4 g5 17. Rb1 c5 18. Kh2 Kg7 19. f3 Kg6 20. Bd2 b6 21. b4 cxb4
22. Bxb4 Bc5 23. Bxc5 Rxc5 24. a4 Rfc8 25. Rfd1 Rc2 26. Kh3 Re2 27. a5 h5 28.
axb6 hxg4+ 29. fxg4 Rh8# 0-1

[Event "AUTO-INT-2932"]
[Site "http://www.queenalice.com/game.php?id=1326965"]
[Date "2014.12.9"]
[Round "1"]
[White "gmvitinho"]
[Black "schrotti2"]
[Result "1-0"]
[WhiteElo "1639"]
[BlackElo "1653"]

1. d4 g6 2. Bf4 Bg7 3. Nf3 e6 4. Nbd2 Ne7 5. e4 h6 6. Rc1 a6 7. c4 d6 8. b4 Nbc6
9. Qa4 Bd7 10. b5 axb5 11. Qxb5 b6 12. Qb2 O-O 13. Nb3 f5 14. Bd3 fxe4 15. Bxe4
Rb8 16. Qd2 d5 17. cxd5 exd5 18. Bd3 Bf5 19. Bxf5 Nxf5 20. Rxc6 Rf7 21. Be5 Qe8
22. Rc1 Kh7 23. O-O Bxe5 24. Nxe5 Re7 25. Nc6 Re2 26. Qd3 Ra8 27. Nb4 Rc8 28.
Nxd5 Kg7 29. Rxc7+ Rxc7 30. Nxc7 Qe7 31. Nd5 Qe6 32. Nf4 Qe8 33. Nxe2 Qa8 34.
Qc2 Nh4 35. f3 g5 36. Qc7+ Kg6 37. Qxb6+ Kh7 38. Qc7+ Kg6 39. Qd6+ Kh7 40. Qe7+
Kg6 41. Qe4+ 1-0

[Event "Challenge"]
[Site "http://www.queenalice.com/game.php?id=1332104"]
[Date "2015.1.1"]
[Round "-"]
[White "dejami"]
[Black "schrotti2"]
[Result "1-0"]
[WhiteElo "1765"]
[BlackElo "1662"]

1. e4 g6 2. Bc4 Bg7 3. Qf3 e6 4. e5 d5 5. exd6 cxd6 6. d3 d5 7. Bb3 Ne7 8. Nh3
Nbc6 9. Ng5 h6 10. Qxf7+ Kd7 11. Nxe6 Qg8 12. Nc5+ Kd8 13. Qf4 Qf8 14. Qd6+ Ke8
15. O-O Nf5 16. Re1+ Kf7 17. Bxd5+ Be6 18. Qxe6# 1-0

[Event "Challenge"]
[Site "http://www.queenalice.com/game.php?id=1338284"]
[Date "2015.1.31"]
[Round "-"]
[White "Camy"]
[Black "schrotti2"]
[Result "1-0"]
[WhiteElo "1706"]
[BlackElo "1646"]

1. e4 g6 2. d4 Bg7 3. c3 e6 4. Nf3 Ne7 5. Bd3 O-O 6. O-O Nbc6 7. Na3 a6 8. Re1
d5 9. Qb3 Na5 10. Qc2 Bd7 11. Bg5 h6 12. Bxe7 Qxe7 13. exd5 Qd6 14. dxe6 Bxe6
15. Re3 Rfe8 16. Rae1 Bd7 17. Ne5 Rad8 18. b4 Bxe5 19. dxe5 Qf8 20. bxa5 Qxa3
21. Bxg6 Qxa5 22. Bxf7+ Kxf7 23. Rf3+ Kg7 24. Rg3+ Bg4 25. Rxg4+ Kh8 26. Qg6 Re7
27. Qf6+ Kh7 28. Qxe7+ Kh8 29. Qg7# 1-0

[Event "AUTO-INT-2816"]
[Site "http://www.queenalice.com/game.php?id=1340066"]
[Date "2015.2.7"]
[Round "2"]
[White "renet54"]
[Black "schrotti2"]
[Result "0-1"]
[WhiteElo "1541"]
[BlackElo "1612"]

1. e4 g6 2. d4 Bg7 3. Nf3 e6 4. Nc3 a6 5. Be3 f6 6. Qd2 Ne7 7. Bd3 d5 8. e5 Nec6
9. Bh6 Bxh6 10. Qxh6 f5 11. O-O-O Nd7 12. Qg7 Rf8 13. Qxh7 Ne7 14. Nxd5 Nxd5 15.
Qxg6+ Rf7 16. Ng5 Nf4 17. Qg8+ Rf8 18. Qh7 Qxg5 19. Kb1 Nxd3 20. cxd3 Qe7 21.
Qh5+ Qf7 22. Qe2 b5 23. f4 c5 24. d5 Nb6 25. d6 Bb7 26. Rhe1 c4 27. dxc4 Nxc4
28. d7+ Kd8 29. Qf2 Bc6 30. Re3 Nxe3 31. Qxe3 Bxd7 32. Qb6+ Ke7 33. Qc7 Rad8 34.
Rxd7+ Rxd7 35. Qc5+ Ke8 36. Qc8+ Rd8 37. Qc6+ Qd7 38. Qxd7+ Rxd7 39. b3 Rg8 40.
g3 Rd2 41. Kc1 Rxh2 0-1

[Event "AUTO-INT-2816"]
[Site "http://www.queenalice.com/game.php?id=1340067"]
[Date "2015.2.7"]
[Round "2"]
[White "schrotti2"]
[Black "renet54"]
[Result "0-1"]
[WhiteElo "1632"]
[BlackElo "1530"]

1. Nf3 Nf6 2. d4 d5 3. e3 a6 4. h3 Nc6 5. Be2 Qd6 6. a3 Bf5 7. Nc3 g6 8. O-O Bg7
9. b4 O-O 10. Nh2 b5 11. Bg4 Be4 12. Nxe4 Nxe4 13. Bb2 f5 14. Bf3 f4 15. Bxe4
dxe4 16. Rb1 Qd5 17. Re1 f3 18. g3 Qe6 19. g4 Qf6 20. d5 Qh4 21. Bxg7 Qxh3 22.
Nxf3 exf3 0-1

[Event "Challenge"]
[Site "http://www.queenalice.com/game.php?id=1340153"]
[Date "2015.2.8"]
[Round "-"]
[White "jeffcom2f"]
[Black "schrotti2"]
[Result "1-0"]
[WhiteElo "1594"]
[BlackElo "1632"]

1. c4 g6 2. Nc3 Bg7 3. e4 e6 4. d4 a6 5. Nf3 h6 6. Bd3 Ne7 7. O-O c6 8. d5 cxd5
9. exd5 exd5 10. Nxd5 Nxd5 11. cxd5 O-O 12. Bd2 f5 13. Bc4 Qf6 14. Bc3 Qd6 15.
a3 b5 16. Bxg7 Kxg7 17. Qd4+ Rf6 18. Ba2 Bb7 19. Rfd1 Qe7 20. d6 Qe8 21. Re1 Nc6
22. Qd2 Qf8 23. Ne5 Nxe5 24. Rxe5 Qxd6 25. Qxd6 Rxd6 26. Rae1 Rf8 27. Re7+ Kh8
28. h3 Rd2 29. Rb1 Be4 30. f3 Bxb1 31. Bxb1 Rd1+ 32. Kf2 Rxb1 33. g4 Rxb2+ 34.
Kg3 f4+ 35. Kh4 g5+ 36. Kh5 Rh2 37. Kg6 Rg8+ 38. Kf6 Rxh3 39. Rxd7 Rxf3 40. Rd6
Rxa3 41. Kf7 b4 42. Rxh6# 1-0

[Event "AUTO-INT-2925"]
[Site "http://www.queenalice.com/game.php?id=1350673"]
[Date "2015.3.29"]
[Round "2"]
[White "schrotti2"]
[Black "Mariojose"]
[Result "0-1"]
[WhiteElo "1580"]
[BlackElo "1512"]

1. Nf3 d6 2. d4 Bg4 3. h3 Bxf3 4. exf3 d5 5. Be2 e6 6. O-O Nf6 7. a3 h6 8. c3 a6
9. Nd2 Nc6 10. Nb3 Bd6 11. Nc5 O-O 12. Nxb7 Qb8 13. Nxd6 cxd6 14. b4 Qb7 15. Bf4
e5 16. dxe5 dxe5 17. Be3 Rad8 18. Bc5 Rfe8 19. Qd3 e4 20. Qc2 exf3 21. Bxf3 Ne5
22. Rfe1 Nxf3+ 23. gxf3 Qc6 24. Rxe8+ Qxe8 25. Qd3 Qc6 26. Kh1 Kh8 27. Re1 Qb5
28. Qxb5 axb5 29. Be7 Re8 30. Re3 Ng8 31. Bc5 Ra8 32. Re5 Rxa3 33. Bd4 Nf6 34.
Rf5 Kh7 35. Bxf6 gxf6 36. Rxd5 Rxc3 37. Kg2 Kg6 38. Rxb5 Kg7 39. Rb8 Rc6 40. b5
Rc5 41. b6 Rb5 42. b7 f5 43. Kg3 Rb4 44. f4 h5 45. h4 Rb3+ 46. f3 Rb2 47. Kh3 f6
48. Kg3 Kh7 49. Kh3 Kg7 0-1

[Event "AUTO-INT-2925"]
[Site "http://www.queenalice.com/game.php?id=1350674"]
[Date "2015.3.29"]
[Round "2"]
[White "Mariojose"]
[Black "schrotti2"]
[Result "1-0"]
[WhiteElo "1531"]
[BlackElo "1561"]

1. e4 g6 2. d3 Bg7 3. Bf4 e6 4. Nc3 Bxc3+ 5. bxc3 d6 6. Nf3 h6 7. c4 Ne7 8. Be2
Nbc6 9. Qd2 Bd7 10. O-O f5 11. Bxh6 Ng8 12. Bg5 Nf6 13. c5 fxe4 14. cxd6 exf3
15. Bxf3 cxd6 16. Qc3 e5 17. Qd2 Qe7 18. Rfe1 O-O-O 19. Rab1 Qe6 20. Bg4 Nxg4
21. Bxd8 Nxd8 22. a3 Rxh2 23. f3 Qd5 24. fxg4 Rh4 25. Re4 Qc5+ 26. d4 Qd5 27.
Rbe1 Rxg4 28. Rxg4 Bxg4 29. c3 Nf7 30. Qd3 Bf5 31. Qf3 Qxf3 32. gxf3 exd4 33.
cxd4 Kd7 34. Kg2 a6 35. a4 Ng5 36. Kg3 Kc6 37. Re3 Kd5 38. f4 Ne4+ 39. Kf3 Kxd4
40. Ke2 d5 41. Rd3+ Kc4 42. Ke3 Nc5 43. Rd4+ Kb3 44. a5 Be4 45. Kd2 Ne6 46. Ke3
Kc3 47. Ra4 Nc5 48. Rd4 Nb3 49. Ra4 1-0